00659nam a22001817a 4500003000900000008004100009040007100050082002200121100002100143245003400164260003500198300003800233505013700271650002000408650001600428650001500444700001800459AR-CdUCM190410b ||||| |||| 00| 0 spa d aMUNICIPALIDAD PROVINCIAL DEL CUSCOcBIBLIOTECA MUNICIPAL DEL CUSCO 26 ed.a468 /bL75 aLobato, Monteiro aEl país de la gramática / aBuenos Aires :bLosada,c1957. a170 páginas ;c20 cm.bDibujos, aContenido : Una idea de la señora Emilia -- Castellanópolis -- Gente importante y gente pobre -- En pleno mar de sustantivos ... aLingüística aGramática aCastellana aPetriz, Maria